Desarrollo de sistema de gestión de calidad para la planificación académica de la UPOLI - RIVAS basado en la norma ISO 9001 - 2008
Presenta sistema de gestión de calidad para el proceso de planificación académica en UPOLI-Rivas, basado en la norma ISO 9001:2008, herramienta que permitirá unificar, mejorar y medir el proceso de planificación académica, para incidir en el aprendizaje de los universitarios, y en la mejora de...
| Main Authors: | , , |
|---|---|
| Other Authors: | |
| Format: | Tesis Section = Libro |
| Language: | Undetermined Spanish |
| Published: |
Managua
UNI
2012
|
| Subjects: |
| LEADER | 01285nam a2200253Ia 4500 | ||
|---|---|---|---|
| 008 | 240830s9999 xx 000 0 und d | ||
| 040 | |a BIBLIOTECA-RUSB/ M.Mon 378.1 P926 | ||
| 041 | |a spa | ||
| 082 | |a M.Mon 378.1 P926 | ||
| 100 | 1 | |a Prendiz C., José Andrés | |
| 100 | 1 | |b Lanuza V. , Nidia | |
| 100 | 1 | |c Sandoval R., Dora María | |
| 245 | 1 | 0 | |a Desarrollo de sistema de gestión de calidad para la planificación académica de la UPOLI - RIVAS basado en la norma ISO 9001 - 2008 |
| 260 | |a Managua |b UNI |c 2012 | ||
| 300 | |a 162 p. :il. | ||
| 502 | |a Tesis (Máster en Informática Empresarial) - UNI, 2012. | ||
| 520 | 3 | |a Presenta sistema de gestión de calidad para el proceso de planificación académica en UPOLI-Rivas, basado en la norma ISO 9001:2008, herramienta que permitirá unificar, mejorar y medir el proceso de planificación académica, para incidir en el aprendizaje de los universitarios, y en la mejora de la calidad total de la educación que brinda la UPOLI-Rivas. Contiene: Diagnóstico, Manual de Calidad y Manual de Procedimientos. | |
| 650 | 7 | |a EDUCACIÓN SUPERIOR | |
| 650 | 7 | |b PLANIFICACIÓN CURRICULAR | |
| 650 | 7 | |c CALIDAD DE LA EDUCACIÓN | |
| 700 | 1 | |a Tutor: |b De Melo, Aristeu | |
| 942 | |c BK |2 ddc | ||
| 991 | |a TESIS | ||
| 999 | |c 19276 | ||